Responses for show #1518 - Wednesday, March 20, 1991

Contestants

Deborah Bedell, an executive recruiter from Greenwich, Connecticut

David Kaiser, a teacher from Pittsburgh, Pennsylvania

Marc Goldberg, an anesthesiologist from Cinnaminson, New Jersey (whose 4-day cash winnings total $16,301)

Jeopardy! Round responses

GEOGRAPHY
PEOPLE
CARDS & DICE
HISTORICAL QUOTES
FOOD
MEETING PLACES
    $100 9
Great Britain

David
    $100 11
Pat Sajak

Marc
    $100 24
(Alex: We'll accept that, specifically, "21"; and a minute to go in the round.)

blackjack

Marc
    $100 4
Clark

David
    $100 16
dressing

David
    $100 1
Atlanta

Marc
    $200 10
Utah

Deborah
    $200 12
Michael Redgrave

David
    $200 27
cocked

Deborah
    $200 5
Richard (J.) Daley

Deborah
    $200 19
marinate

Marc
    $200 2
Vienna

Marc
    $300 13
(Deborah: What is Kuwait?)
(Mark: What are people who live in an emir?)

United Arab Emirates

MarcDeborah
Triple Stumper
    $300 15
Cheers

Deborah
    $300 28
pips

Triple Stumper
    $300 6
Julius Caesar

Marc
    $300 20
bisque

Triple Stumper
    $300 3
the Forum

David
    $400 14
(David: What is Calcutta?)

Darjeeling

DavidDeborah
    $400 18
Jane Pauley

Deborah
    $400 29
dummy

David
    $400 7
Otto von Bismarck

David
    $400 25
(David: What is mandarin?)

kumquat

DavidDeborah
    $400 21
Yalta

Marc
    $500 17
(David: What is Central America?)

Yucatan

MarcDavid
    $500 22
Xavier Cugat

David
    $500 30
(Alex: All combinations add up to 7.)

6

Deborah
    $500 8
Lexington

David
    $500 26
Jordan almond

Triple Stumper
    $500 23
Nicea

Triple Stumper

Scores at the first commercial break (after clue 15):

Marc David Deborah
$400 $1,200 $800

Scores at the end of the Jeopardy! Round:

Marc David Deborah
$1,600 $1,300 $2,300

Double Jeopardy! Round responses

THE U N
AMERICAN AUTHORS
ARTISTS
DOCTORS
LAWYERS
INDIAN CHIEFS
    $200 1
UNICEF

Deborah
    $200 19
Louisa May Alcott

David
    $200 22
James Whistler

David
    $200 4
the AIDS virus

Marc
    $200 14
Joseph Wapner

David
    $200 2
Geronimo

Deborah
    $1,000 9
(David: No...idea.)

the reunification of East & West Germany

David
    $400 20
Atlantic Monthly

David
    $400 26
Vincent Van Gogh

Marc
    $400 5
Chernobyl

David
    $400 15
John Adams

David
    $400 3
Iroquois League

Marc
    $600 10
Javier Perez de Cuellar

David
    $600 21
Nathanael West

Deborah
    $600 27
Goya

David
    $600 13
thermometer

Deborah
    $600 16
F. Lee Bailey

David
    $600 6
(David: Who was Sitting Bull?)

Crazy Horse

DavidDeborah
    $800 11
Human Rights

Marc
    $800 23
Ezra Pound

Marc
    $800 29
Thomas Hart Benton

Marc
    $1,100 24
(Marc: What is lockjaw?)
(Alex: We have a 3-way tie with a minute to go.)

whooping cough

Marc
    $800 17
Alan Dershowitz

Marc
    $800 7
Chief Joseph

David
    $1000 12
(David: What is United Nations Educational, Social and Cultural Organization?)

United Nations Educational, Scientific and Cultural Organization

David
Triple Stumper
    $1000 28
Willa Cather

Deborah
    $1000 30
(Alex: That's the end of the round...I have to catch my breath because you went through those clues so fast!)

William Hogarth

Deborah
    $1000 25
(David: What is pediatrics?)
(Mark: What is general practice?)

internal medicine

MarcDavidDeborah
    $1000 18
(Deborah: Who is William French?)
(Alex: Sorry, we needed the full name.)

William French Smith

DavidDeborah
    $1000 8
Uncas

Triple Stumper

Scores at the end of the Double Jeopardy! Round:

Marc David Deborah
$3,700 $3,100 $6,500

[wagering suggestions for these scores]

Final Jeopardy! Round responses

THE MOVIES
DavidWho is Katharine Hepburn
$2,600
MarcWho is Bette Davis?
$3,700
DeborahWho is Katharine Hepburn?
$1,000
Katharine Hepburn

Final scores:

Marc David Deborah
$0 $5,700 $7,500
3rd place: Magnavox VCR with remote control & programming + NES with Jeopardy!, Wheel of Fortune and Fisher-Price video games & Wheel of Fortune for Game Boy 2nd place: Ricoh Mirai zoom camera & Ashley bar & entertainment cabinet New champion: $7,500

Game dynamics:

Coryat scores:

Marc David Deborah
$4,800 $4,100 $6,500
15 R,
3 W
(including 1 DD)
20 R
(including 1 DD),
7 W
(including 1 DD)
16 R,
2 W

Combined Coryat: $15,400

The J! Archive is created by fans, for fans. The Jeopardy! game show and all elements thereof, including but not limited to copyright and trademark thereto, are the property of Jeopardy Productions, Inc. and are protected under law. This website is not affiliated with, sponsored by, or operated by Jeopardy Productions, Inc. Join the discussion at JBoard.tv.